|
|
|
|
| LEADER |
00000ny a22000003n 4500 |
| 005 |
20110607104138.0 |
| 008 |
100513s2009 sp 00 0 spa d |
| 020 |
|
|
|a 9788498497731
|
| 035 |
|
|
|a 4927
|
| 040 |
|
|
|a UCLM
|d vLex
|
| 080 |
|
|
|a 35.08(460)
|
| 090 |
|
|
|c 513
|d 513
|
| 245 |
0 |
3 |
|a El estatuto jurd̕ico del empleado publico
|h [Recurso electrn̤ico]
|b estudio particular de algunos aspectos crt̕icos del personal laboral /
|c Ivǹ Gayarre Conde, Mara̕ Burzaco Samper
|
| 256 |
|
|
|a Servicio en ln̕ea
|
| 260 |
|
|
|a Madrid :
|b Dykinson,
|c 2009
|
| 300 |
|
|
|a 328 p
|
| 506 |
1 |
|
|a Contenido solo disponible en los productos indicados
|d vLex Global
|d vLex Global (Academic Edition, excluding Law Schools)
|d vLex Global (U.S. Academic Edition, Law Schools)
|d vLex Global (U.S. Academic Edition, excluding Law Schools)
|d vLex Global (Academic Edition, Law Schools)
|
| 700 |
1 |
|
|a Burzaco Samper, Mara̕
|
| 700 |
1 |
|
|a Gayarre Conde, Ivǹ
|
| 740 |
0 |
|
|a vLex Libros (Servicios en ln̕ea)
|
| 856 |
4 |
0 |
|u http://vlex.com/source/4927
|z Acceso restringido
|
| 942 |
|
|
|c BOOK
|
| 999 |
|
4 |
|a Law
|b Madrid
|
| 999 |
|
4 |
|a Espaą
|
| 999 |
|
4 |
|a Funcionarios pb︢licos
|
| 999 |
|
4 |
|a Legislacin̤
|
| 999 |
|
4 |
|a Personal laboral de la administracin̤
|